Meghan Markle Movies Quiz Stats

 Plays Quiz Updated May 12, 2018

Support Sporcle.
Go Orange.
Score 0/7 Timer 02:00
0 Plays Today
Year Movie Title % Correct
2010Get Him to the Greek
76.3%
2011Horrible Bosses
74.7%
2010Remember Me
34.9%
2005A Lot Like Love
25.9%
2015Anti-Social
16.8%
2012Dysfunctional Friends
13.7%
2013Random Encounters
12.4%

From the Vault

'H' First Names

by Cutthroat

We're about to find out how well you know your Hatties, Helmuts, and Hakeems.
Remove Ads.
Support Sporcle.
Get the best of Sporcle when you Go Orange. This ad-free experience offers more features, more stats, and more fun while also helping to support Sporcle. Thank you for becoming a member.

Show Comments

Extras

Top Quizzes Today


Score Distribution

Your Account Isn't Verified!

In order to create a playlist on Sporcle, you need to verify the email address you used during registration. Go to your Sporcle Settings to finish the process.

Report this User

Report this user for behavior that violates our Community Guidelines.

Details: